| 000 | 00670nam a2200241Ia 4500 | ||
|---|---|---|---|
| 003 | OSt | ||
| 005 | 20221006155250.0 | ||
| 006 | a|||||r|||| 00| 0 | ||
| 007 | ta | ||
| 008 | 221006b |||||||| |||| 00| 0 eng d | ||
| 024 | _a41,341 | ||
| 037 | _cSeries Articles | ||
| 040 |
_aEASL _cEASL _beng |
||
| 041 |
_2eng _aeng |
||
| 100 |
_aQian Sun _9668759 |
||
| 245 | 0 | _aValue goals and institutional framework for the establishment of administrative public procecution in China | |
| 260 |
_aBeijing _bRoutledge China _c2012 |
||
| 300 |
_a38-54 _ccm. |
||
| 490 | _v33 | ||
| 650 | _aChina | ||
| 942 |
_cREF _2CC |
||
| 999 |
_c1109427 _d1109427 |
||